| 000 | 02219nam a2200373 i 4500 | ||
|---|---|---|---|
| 001 | 991061720859906706 | ||
| 003 | ES-BaIT | ||
| 005 | 20260226134610.0 | ||
| 008 | 260226e202501 fr r 000 d fre c | ||
| 020 | _a9782749816814 | ||
| 040 |
_aES-BaIT _bcat _erda _cES-BaIT |
||
| 080 | _a840-2"20" | ||
| 100 | 1 |
_aFogli, Lilou, _d1981- _eautor, _eadaptador _9168735 |
|
| 245 | 1 | 0 |
_aMur/Mure / _cLilou Fogli |
| 246 | 3 | _aMur Mure | |
| 246 | 3 | _aMurMure | |
| 264 | 1 |
_aParis : _bL'avant-scène théâtre, _cjanvier 2025 |
|
| 300 |
_a95 pàgines ; _c21 cm |
||
| 336 |
_atext _btxt _2rdacontent |
||
| 337 |
_asense mediació _bn _2rdamedia |
||
| 338 |
_avolum _bnc _2rdacarrier |
||
| 490 | 1 |
_aL'Avant-scène théâtre ; _vno 1571 |
|
| 500 | _aP8: D2, H6 | ||
| 500 | _aPublicat com no 1571 (janvier 2025) de la revista L'Avant-scène théâtre | ||
| 500 | _aEstrena Théâtre de la Michodière, el 23 de gener de 2025 | ||
| 520 | _a"Machin, inventeur loufoque et misanthrope assumé n'a besoin que d'une chose : le silence absolu. Grâce à ses inventions aussi ingénieuses que saugrenues, il a toujours réussi à faire fuir ses voisins. Jusqu'au jour où une pianiste, Machine, emménage seule pour la première fois de sa vie... dans l'appartament mitoyen!. Comment deux personnes que tout oppose pourraient s'entendre, se recontrer... sans se voir?. Lilou Fogli propulse le lecteur dans une comédie romantique qui résonne avec les enjeux de notre époque, où les relations sont souvent accélérées et fragilisées par les apparences et les réseaux sociaux. Cette pièce veut rappeler, avec humour, qu'au-delà des murs, des écrans ou des façades, il y a une beauté inestimable dans la découverture lente, patiente et sincère de l'autre. Une pièce adaptée du film Un peu, beaucoup, aveuglément (co-écrit avec Tristan Schulmann et Clovis Cornillac, réalisé par ce dernier en 2015)"-- Contracoberta | ||
| 650 | 0 |
_aHomes i dones _vTextos dramàtics _987739 |
|
| 650 | 0 |
_aInventors _vTextos dramàtics _9168736 |
|
| 730 | 0 |
_iAdaptació de (obra): _tUn peu, beaucoup, aveuglément |
|
| 830 |
_aAvant-scène. _pThéâtre _vno 1571 _9168170 |
||
| 908 | _aCDMAE | ||
| 940 | _aCDMAE | ||
| 942 |
_2udc _c1 |
||
| 999 |
_c137160 _d137160 |
||